[Event "12th Kesarovski Mem"]
[Site "Sunny Beach BUL"]
[Date "2013.09.08"]
[Round "9.4"]
[White "Georgiev,Vl"]
[Black "Nikolov,Mo"]
[Result "1/2-1/2"]
[WhiteElo "2546"]
[BlackElo "2534"]

1.d4 Nf6 2.c4 e6 3.Nf3 b6 4.a3 Bb7 5.Nc3 d5 6.Bg5 Be7 7.cxd5 Nxd5 8.Bxe7 Qxe7
9.Nxd5 Bxd5 10.e3 O-O 11.Rc1 Rc8 12.Be2 c5 13.dxc5 Rxc5 14.Rxc5 Qxc5 15.O-O Nd7
16.Qd2 Nf6 17.Rc1 Qe7 18.Qc3 Kf8 19.Qc7 Qxc7 20.Rxc7 Ne8 21.Rc1 Bb7 22.Nd4 Rc8
23.Rxc8 Bxc8 24.f3 Nc7 25.Kf2 Bd7 26.f4 Ke7 27.Bf3  1/2-1/2

[Event "FSFMA Sept 2013"]
[Site "Budapest HUN"]
[Date "2013.09.09"]
[Round "2.3"]
[White "Juhasz,Bel"]
[Black "Borda,L"]
[Result "1/2-1/2"]
[WhiteElo "2187"]
[BlackElo "2151"]

1.d4 Nf6 2.c4 e6 3.Nf3 b6 4.a3 Bb7 5.Nc3 Be7 6.d5 O-O 7.g3 d6 8.Bg2 c5 9.O-O exd5
10.cxd5 a6 11.e4 Ne8 12.Re1 Nd7 13.Bf4 Bf6 14.Qc2 Ne5 15.Bxe5 dxe5 16.a4 Nd6
17.Bf1 Qd7 18.Qb3 Qc7 19.Nd2 Rab8 20.Nc4 Bc8 21.Nxd6 Qxd6 22.Bc4 Bg5  1/2-1/2

[Event "Mohamed Slama Mem 2013"]
[Site "Monastir TUN"]
[Date "2013.09.14"]
[Round "8.5"]
[White "Kaabi,M"]
[Black "Bouzidi,Ahmed"]
[Result "1-0"]
[WhiteElo "2330"]
[BlackElo "2196"]

1.d4 Nf6 2.Nf3 e6 3.c4 b6 4.a3 Ba6 5.Qc2 Bb7 6.Nc3 Be7 7.Bg5 O-O 8.e3 d6
9.Be2 Nbd7 10.Rd1 Ne8 11.Bxe7 Qxe7 12.O-O f5 13.e4 fxe4 14.Nxe4 Nef6 15.Ng3 Rae8
16.Rfe1 Ng4 17.Qd2 e5 18.d5 Rf4 19.Bd3 Ref8 20.b4 c6 21.Be4 c5 22.h3 Ngf6
23.Bf5 Qd8 24.Ng5 Rd4 25.Qc2 h6 26.Ne6 Rxd1 27.Qxd1 Qe8 28.Nxf8 Nxf8 29.bxc5 bxc5
30.Ne4 Nxe4 31.Bxe4 Qe7 32.Qg4 Nd7 33.Qe6+ Kf8 34.Re3 Nf6 35.Bf5 Qxe6 36.dxe6 Ke7
37.Rb3 Ba6 38.Rb8 g6 39.Ra8 gxf5 40.Rxa7+ Kxe6 41.Rxa6 Ne4 42.a4 Kd7 43.a5 Kc7
44.Ra7+ Kc6 45.a6 Kb6 46.Rd7 Kxa6 47.f3 Nc3 48.Rxd6+ Ka5 49.Rxh6 Kb4 50.Re6 e4
51.h4 Kxc4 52.h5 Ne2+ 53.Kf2 Nf4 54.h6 Nxe6 55.h7 Kd3 56.fxe4 fxe4 57.h8=Q e3+
58.Ke1 Nd4 59.Qh7+ Kc3 60.Qe4 e2 61.g4  1-0

[Event "TCh-CRO Ia Liga 2013"]
[Site "Bol CRO"]
[Date "2013.09.15"]
[Round "2.1"]
[White "Jovanic,O"]
[Black "Galic,I2"]
[Result "1/2-1/2"]
[WhiteElo "2508"]
[BlackElo "2345"]

1.d4 Nf6 2.c4 e6 3.Nf3 b6 4.a3 Bb7 5.Nc3 d5 6.Bg5 Be7 7.Qa4+ Bc6 8.Qc2 dxc4
9.e3 b5 10.Bxf6 Bxf6 11.a4 a6 12.axb5 axb5 13.Rxa8 Bxa8 14.Nxb5 c5 15.dxc5 Qa5+
16.Nc3 Bxc3+ 17.Qxc3 Qa1+ 18.Ke2 O-O 19.Nd2 Nd7 20.Nxc4 Nxc5 21.f3 Rd8  1/2-1/2

[Event "Dnipropetrovsk A 2013"]
[Site "Dnipropetrovsk UKR"]
[Date "2013.09.20"]
[Round "6.5"]
[White "Sukhareva,E"]
[Black "Kalinina,O"]
[Result "1/2-1/2"]
[WhiteElo "2215"]
[BlackElo "2290"]

1.d4 Nf6 2.c4 e6 3.Nf3 b6 4.a3 Ba6 5.Qc2 c5 6.e4 d5 7.e5 Ng4 8.cxd5 Bxf1
9.dxe6 Bxg2 10.exf7+ Kd7 11.Qf5+ Kc7 12.Rg1 Bxf3 13.Qxf3 Nxf2 14.d5 Qh4 15.d6+ Kc8
16.Qxf2 Qe4+ 17.Qe3 Qxe3+ 18.Bxe3 Nc6 19.Bf4 Nd4 20.Kf2 a5 21.Re1 Ne6 22.Ke3 Ra7
23.Nc3 Rxf7 24.Rf1 g6 25.Ke4 Bg7 26.Bg3 Rhf8 27.Rxf7 Rxf7 28.Kd5 Nd4 29.Rd1 h5
30.b4 Rf5 31.bxc5 bxc5 32.Kxc5 Nf3 33.Nd5 Kd7 34.Nb6+ Kd8 35.Nc4 Nxe5 36.Rd5 Nd7+
37.Kc6 Nb8+ 38.Kc5 Nd7+ 39.Kc6 Nb8+ 40.Kc5 Nd7+ 41.Kc6 Nb8+ 42.Kc5 Nd7+ 43.Kc6  1/2-1/2

[Event "1st League Cent-SRB 2013"]
[Site "Kragujevac SRB"]
[Date "2013.09.21"]
[Round "10.4"]
[White "Dimitrijevic,Sr"]
[Black "Marinkovic,Sl"]
[Result "1/2-1/2"]
[WhiteElo "2307"]
[BlackElo "2388"]

1.d4 Nf6 2.c4 e6 3.Nf3 b6 4.a3 Bb7 5.Nc3 d5 6.cxd5 Nxd5 7.Qc2 Nxc3 8.bxc3 Be7
9.e4 O-O 10.Bd3 c5 11.O-O Qc8 12.Qe2 Ba6 13.Bg5 Bxg5 14.Nxg5 h6 15.Nf3 Bxd3
16.Qxd3 cxd4 17.cxd4 Nd7 18.Rad1 Qb7 19.Rfe1 Rad8 20.Qe3 Rfe8 21.Qf4 Nf8
22.h4 f6 23.Qd2 Qf7 24.Re3 Rd7 25.Rd3 Red8 26.a4 Qh5 27.d5 Ng6 28.Qe3 e5
29.g3 f5 30.exf5 Qxf5 31.R3d2 Rd6 32.Nh2 e4 33.Re1 Rxd5  1/2-1/2

[Event "TCh-Moscow GpA 2013"]
[Site "Moscow RUS"]
[Date "2013.09.22"]
[Round "3.1"]
[White "Papin,V"]
[Black "Vavulin,M"]
[Result "0-1"]
[WhiteElo "2524"]
[BlackElo "2377"]

1.Nf3 Nf6 2.c4 b6 3.d4 e6 4.a3 Bb7 5.Nc3 d5 6.cxd5 Nxd5 7.Qc2 c5 8.e4 Nf6
9.Bg5 Nbd7 10.O-O-O cxd4 11.Nxd4 Qc7 12.Ndb5 Qb8 13.Na4 Nc5 14.Nxa7 Bd6 15.Bb5+ Kf8
16.Nxc5 Bxc5 17.Nc6 Qc7 18.e5 Nd5 19.Nd4 Rc8 20.Kb1 h6 21.Bc1 Qxe5 22.Nf3 Qf6
23.Qd3 Ke7 24.Ba6 Bxa6 25.Qxa6 Qg6+ 26.Ka1 Qxg2 27.Ne5 Rc7 28.Rhg1 Qxh2 29.Rde1 Bxf2
30.Ng4 Qxg1 31.Rxg1 Bxg1 32.Qf1 Bd4 33.Bf4 Nxf4 34.Qxf4 Rd7 35.Nh2 g5 36.Qe4 f5
37.Qc6 g4 38.Nf1 h5 39.Nd2 h4 40.Nb3 Bf2 41.Qc3 Rg8 42.Qb4+ Kf7 43.Qf4 g3
44.Nd2 Rxd2 45.Qxd2 g2 46.Qd7+ Kf6  0-1

[Event "Baku Open 2013"]
[Site "Baku AZE"]
[Date "2013.09.27"]
[Round "9.15"]
[White "Omar,Noa"]
[Black "Jumabayev,R"]
[Result "0-1"]
[WhiteElo "2362"]
[BlackElo "2562"]

1.d4 Nf6 2.c4 e6 3.Nf3 b6 4.a3 Ba6 5.Qc2 Bb7 6.Nc3 c5 7.e4 cxd4 8.Nxd4 Bc5
9.Nb3 Nc6 10.Bg5 Nd4 11.Nxd4 Bxd4 12.Nb5 Bc5 13.e5 h6 14.Be3 Ne4 15.Bd3 Qh4
16.Bxc5 Nxc5 17.Nd6+ Ke7 18.Nxb7 Nxb7 19.O-O Rac8 20.f4 Rc7 21.b4 Rhc8 22.g3 Qg4
23.Qg2 f5 24.h3 Qg6 25.g4 Nd8 26.Rf3 Rxc4 27.Bxc4 Rxc4 28.gxf5 Qxg2+ 29.Kxg2 exf5
30.Kg3 Ne6 31.Rd1 a5 32.Rfd3 Nxf4 33.Rxd7+ Ke6 34.Rb7 Rc3+ 35.Kf2 Nxh3+ 36.Kf1 Kxe5
37.Rxb6 axb4 38.axb4 Rc2 39.Rd3 Rc1+ 40.Ke2 Nf4+ 41.Kd2 Nxd3 42.Kxd3 g5 43.Rxh6 Rb1
44.Kc4 g4 45.Rg6 Kf4 46.b5 Kf3 47.b6 g3 48.Kc5 g2  0-1

[Event "23rd EYCC Open U18 2013"]
[Site "Budva MNE"]
[Date "2013.09.29"]
[Round "1.24"]
[White "Ebralidze,A"]
[Black "Johansson,Linus"]
[Result "1/2-1/2"]
[WhiteElo "2036"]
[BlackElo "2321"]

1.d4 Nf6 2.Nf3 e6 3.c4 b6 4.a3 c5 5.d5 exd5 6.cxd5 d6 7.Nc3 a6 8.e4 g6 9.Bf4 b5
10.e5 dxe5 11.Nxe5 Bd6 12.Be2 O-O 13.O-O Qc7 14.Bf3 Bb7 15.Re1 Nbd7 16.Nxd7 Qxd7
17.Bg5 Qf5 18.h4 Rfe8 19.Qd2 Be5 20.Bxf6 Qxf6 21.Ne4 Qb6 22.Rac1 Bd4 23.Qh6 Bg7
24.Qf4 Bxb2 25.Ng5 Qf6 26.Rxe8+ Rxe8 27.Qxf6 Bxf6 28.Rxc5 Bd4 29.Rc2 h6 30.Nxf7 Kxf7
31.Rc7+ Re7 32.Rxe7+ Kxe7 33.d6+ Kxd6 34.Bxb7 a5 35.Be4 g5 36.hxg5 hxg5 37.Bc2 a4
38.Kf1 Bb2 39.Ke2 Bxa3 40.g3 Kc5 41.f4 gxf4 42.gxf4 Kd4 43.Bd3 Kc5 44.Kd2 Bb2
45.Kc2 Bg7 46.Kb1 b4 47.Ka2 Bh6 48.Bc2 Kb5 49.f5 Bg7 50.Bd1 Bf6 51.Bc2 a3
52.Bb3 Be5 53.Be6 Kc5 54.Bb3 Kb5  1/2-1/2

[Event "Tatry Open 2013"]
[Site "Tatranske Zruby SVK"]
[Date "2013.09.29"]
[Round "1.5"]
[White "Najgebauer,S"]
[Black "Repka,C"]
[Result "1-0"]
[WhiteElo "2214"]
[BlackElo "2378"]

1.Nf3 Nf6 2.c4 b6 3.d4 e6 4.a3 Bb7 5.Nc3 d5 6.cxd5 Nxd5 7.Bd2 Be7 8.Qc2 Nxc3
9.Bxc3 O-O 10.e3 Nd7 11.Bd3 h6 12.Rd1 Rc8 13.Qe2 c5 14.dxc5 Nxc5 15.Bh7+ Kxh7
16.Rxd8 Rfxd8 17.Nd4 e5 18.O-O exd4 19.Bxd4 Ba6 20.Qg4 Ne6 21.Re1 Nxd4 22.Qe4+ Nf5
23.Qxf5+ Kg8 24.b4 Bf6 25.h3 Bd3 26.Qf3 Rc3 27.a4 Rc4 28.Qb7 Rdc8 29.Qxa7 Rc1
30.Rxc1 Rxc1+ 31.Kh2 Be4 32.Qb8+ Kh7 33.f3 Bd5 34.a5 bxa5 35.bxa5 Rc5 36.a6 Bxf3
37.Qb1+ g6 38.gxf3 Rc7 39.Qb6 Rc2+ 40.Kg3 Bc3 41.Kf4 Ra2 42.Ke4 Bd2 43.Qb7 Kg7
44.a7  1-0

[Event "23rd EYCC Girls U18 2013"]
[Site "Budva MNE"]
[Date "2013.09.30"]
[Round "2.9"]
[White "Kuchava,A"]
[Black "Turk,T"]
[Result "1-0"]
[WhiteElo "2092"]
[BlackElo "1936"]

1.d4 Nf6 2.Nf3 e6 3.c4 b6 4.a3 Bb7 5.Nc3 d5 6.cxd5 Nxd5 7.e3 Be7 8.Bb5+ c6
9.Bd3 O-O 10.Qc2 h6 11.Nxd5 cxd5 12.Qe2 Nd7 13.O-O Bd6 14.b3 e5 15.dxe5 Nxe5
16.Bb2 Qf6 17.Nd4 Nxd3 18.Qxd3 Be5 19.f4 Bxd4 20.Bxd4 Qe7 21.Rf3 Qe4 22.Qb5 f6
23.a4 Qe8 24.Qf1 Qe6 25.f5 Qd6 26.g4 Rfc8 27.Rf2 a5 28.Rg2 Ba6 29.Qd1 Rc6
30.h4 Qd7 31.g5 fxg5 32.hxg5 Qxf5 33.gxh6 Rxh6 34.Rxg7+ Kf8 35.Rg2 Qh3 36.Rf2+ Ke8
37.Qf3 Qxf3 38.Rxf3 Bc8 39.Bb2  1-0

[Event "Tatry Open 2013"]
[Site "Tatranske Zruby SVK"]
[Date "2013.09.30"]
[Round "2.4"]
[White "Najgebauer,S"]
[Black "Michenka,J"]
[Result "0-1"]
[WhiteElo "2214"]
[BlackElo "2363"]

1.d4 Nf6 2.c4 e6 3.Nf3 b6 4.a3 Bb7 5.Nc3 d5 6.cxd5 Nxd5 7.Bd2 Be7 8.Qc2 Nxc3
9.Bxc3 Qd5 10.e3 Nd7 11.Bd3 Nf6 12.Qa4+ Bc6 13.Qc4 O-O 14.O-O Rfd8 15.Rac1 Bb7
16.Qxd5 Nxd5 17.Bd2 c5 18.Rfd1 Rac8 19.dxc5 Bxc5 20.b4 Be7 21.Rxc8 Rxc8 22.Rc1 Rxc1+
23.Bxc1 Bf6 24.Nd4 Nc3 25.Kf1 g6 26.f3 e5 27.Ne2 e4 28.fxe4 Bxe4 29.Bxe4 Nxe4
30.Nd4 Bxd4 31.exd4 f5 32.Ke2 Kf7 33.Ke3 Ke6 34.g4 Nf6 35.gxf5+ Kxf5 36.Kd3 b5
37.h4 Nd5 38.Bh6 Nf4+ 39.Kc3 Ke4 40.a4 Nd5+ 41.Kb3 a6 42.Bg7 Nf4 43.axb5 axb5
44.Kc3 Ne2+ 45.Kd2 Nxd4 46.Bf6 Ne6 47.Be7 h6 48.Kc3 g5 49.hxg5 hxg5 50.Bf6 g4
51.Bh4 Nd4 52.Bf2 Nf5 53.Kd2 g3  0-1

[Event "TCh-AUT 2nd Mitte 2013-14"]
[Site "Fuerstenfeld AUT"]
[Date "2013.10.05"]
[Round "2.2"]
[White "Petschar,K"]
[Black "Horvath,Ta1"]
[Result "1/2-1/2"]
[WhiteElo "2356"]
[BlackElo "2373"]

1.d4 Nf6 2.c4 e6 3.Nf3 b6 4.a3 Bb7 5.Nc3 d5 6.Bg5 Be7 7.cxd5 exd5 8.e3 O-O
9.Bd3 Ne4 10.Bxe7 Qxe7 11.Rc1 Rd8 12.O-O Nd7 13.Qe2 a6 14.Bb1 Rac8 15.Bd3 Ra8
16.Bb1 Rac8 17.Bd3 Ra8 18.Bb1 Rac8  1/2-1/2

[Event "Frauenbundesliga 2013-14"]
[Site "Germany GER"]
[Date "2013.10.06"]
[Round "2.3"]
[White "Sachdev,T"]
[Black "Lakos,N"]
[Result "1/2-1/2"]
[WhiteElo "2438"]
[BlackElo "2285"]

1.d4 Nf6 2.c4 e6 3.Nf3 b6 4.a3 Bb7 5.Nc3 g6 6.Qc2 Bxf3 7.gxf3 Nc6 8.d5 Nd4
9.Qd1 c5 10.e3 Nf5 11.e4 Nd4 12.Bg2 Nh5 13.Ne2 e5 14.Nxd4 cxd4 15.f4 Bg7
16.fxe5 Bxe5 17.Bf3 Qh4 18.Rg1 Nf4 19.Bxf4 Qxf4 20.Rg2 O-O 21.Qd3 Rae8 22.Kf1 Bg7
23.Rg3 d6 24.Kg2 Re7 25.Rd1 Be5 26.Kh1 Qh4 27.Rg2 Rc8 28.Be2 Kh8 29.Kg1 Qf6
30.b3 b5 31.Qc2 Rb8 32.Bd3 a5 33.a4 bxa4 34.bxa4 Reb7 35.c5 Rb2 36.Qc1 dxc5  1/2-1/2

[Event "23rd EYCC Girls U18 2013"]
[Site "Budva MNE"]
[Date "2013.10.07"]
[Round "8.3"]
[White "Kuchava,A"]
[Black "Tomnikova,L"]
[Result "1-0"]
[WhiteElo "2092"]
[BlackElo "2171"]

1.d4 Nf6 2.Nf3 e6 3.c4 b6 4.a3 Ba6 5.Qb3 d5 6.cxd5 exd5 7.Bg5 Be7 8.Nc3 c6
9.Bxf6 Bxf6 10.e4 Bxf1 11.Rxf1 dxe4 12.Nxe4 O-O 13.O-O-O Nd7 14.Kb1 Qc7 15.Rfe1 Rac8
16.Re3 Be7 17.Rde1 Nf6 18.Nc3 Bd6 19.Ne5 Rcd8 20.f4 Qb7 21.Qc2 c5 22.dxc5 Bxc5
23.Rh3 Rfe8 24.g4 g6 25.g5 Nd5 26.Ne4 Bd4 27.Qc6 Qe7 28.Nf3 Be3 29.Rxe3 Nxe3
30.Nf6+ Kf8 31.Nxh7+ Kg7 32.Qc3+ Kg8 33.Nf6+  1-0

[Event "23rd EYCC Open U18 2013"]
[Site "Budva MNE"]
[Date "2013.10.07"]
[Round "8.18"]
[White "Ebralidze,A"]
[Black "Martynov,P2"]
[Result "1-0"]
[WhiteElo "2036"]
[BlackElo "2303"]

1.d4 Nf6 2.Nf3 e6 3.c4 b6 4.a3 c5 5.d5 Ba6 6.Qb3 exd5 7.cxd5 g6 8.Nc3 Bg7
9.e4 Bxf1 10.Kxf1 d6 11.Qb5+ Nbd7 12.Bf4 O-O 13.Bxd6 Re8 14.Re1 a6 15.Qb3 Rc8
16.h3 c4 17.Qd1 b5 18.Nd4 Nb6 19.Bb4 Qd7 20.Nc6 Na4 21.Nxa4 bxa4 22.Qf3 Rxc6
23.dxc6 Qxc6 24.e5 Qb5 25.Kg1 Nd7 26.Bc3 Nxe5 27.Qe2 Re6 28.Qc2 h5 29.f4 Qb6+
30.Kh2 Nd3 31.Rxe6 Qxe6 32.Bxg7 Kxg7 33.Rf1 Qe8 34.Qd2 f5 35.Rf3  1-0

[Event "23rd EYCC Open U16 2013"]
[Site "Budva MNE"]
[Date "2013.10.07"]
[Round "8.1"]
[White "Faizrakhmanov,Ramil"]
[Black "Alekseenko,K"]
[Result "1-0"]
[WhiteElo "2343"]
[BlackElo "2442"]

1.d4 Nf6 2.c4 e6 3.Nf3 b6 4.a3 Bb7 5.Nc3 d5 6.Bg5 Be7 7.Qa4+ c6 8.Bxf6 Bxf6
9.cxd5 exd5 10.g3 O-O 11.Bg2 g6 12.O-O Bg7 13.Rfd1 Nd7 14.Rac1 Re8 15.e3 Nf8
16.Bf1 Ne6 17.b4 Qd6 18.Bg2 a5 19.bxa5 b5 20.Qb3 Rxa5 21.a4 b4 22.Na2 Bf8
23.Rb1 Ba6 24.Qxb4 Qc7 25.Qb3 Bc4 26.Qc2 c5 27.Nc3 cxd4 28.Nxd4 Bg7 29.Ncb5 Qc5
30.Nb3 Bxb3 31.Qxb3 d4 32.Rbc1 Qb6 33.Rc6 Qd8 34.Nd6 dxe3 35.fxe3 Nc5 36.Qxf7+  1-0

[Event "7th Univ Cent Open 2013"]
[Site "Bogota COL"]
[Date "2013.10.10"]
[Round "2.33"]
[White "Chirivi C,Y"]
[Black "Parra,Diego Alexander"]
[Result "1-0"]
[WhiteElo "2177"]
[BlackElo "1912"]

1.d4 Nf6 2.c4 e6 3.Nf3 b6 4.a3 Ba6 5.Qc2 d5 6.cxd5 exd5 7.g3 Be7 8.Bg2 O-O
9.O-O c5 10.dxc5 bxc5 11.Rd1 Nbd7 12.e3 Rb8 13.Nbd2 Qc8 14.b3 Re8 15.Bb2 Bf8
16.Rac1 Qb7 17.Ng5 h6 18.Nh3 Ne4 19.Nf4 Ndf6 20.Nxe4 Nxe4 21.Nxd5 Qxb3 22.Bxe4 Qxb2
23.Nc7 g6 24.Qxb2 Rxb2 25.Nxa6 Rxe4  1-0

[Event "7th Univ Cent Open 2013"]
[Site "Bogota COL"]
[Date "2013.10.12"]
[Round "6.5"]
[White "Rios,Cr"]
[Black "Hevia,A"]
[Result "0-1"]
[WhiteElo "2417"]
[BlackElo "2512"]

1.d4 Nf6 2.c4 e6 3.Nf3 b6 4.a3 c6 5.Nc3 d5 6.Bg5 Be7 7.Bxf6 Bxf6 8.e4 O-O
9.Bd3 dxc4 10.Bxc4 Ba6 11.Bxa6 Nxa6 12.e5 Be7 13.Qa4 Qc8 14.O-O Qb7 15.Rfd1 Rfd8
16.b4 Nc7 17.Rab1 b5 18.Qc2 a5 19.Ne4 h6 20.Ne1 axb4 21.axb4 Ra3 22.h3 Qa8
23.Qc1 Ra2 24.Nc3 Ra6 25.Ne4 Ra2 26.Nc3 Ra6 27.Ne4 Qa7 28.Nc2 Nd5 29.Rd3 Ra2
30.Rdb3 Ra8 31.Qd1 Bf8 32.Rc1 Qe7 33.Qe1 Qd8 34.g3 Nb6 35.Nc3 R2a6 36.Qe4 Nd5
37.Qe1 R8a7 38.Ne2 Ra2 39.Qd2 R7a4 40.Nc3 Bxb4 41.Rxb4 Rxc2 42.Rxc2 Rxb4
43.Ne4 Rb1+ 44.Kh2 Nb4 45.Rc5 Qa5 46.Nc3 Rb3 47.Qe2 Qa3 48.Ne4 Rb2 49.Qg4 Qd3
50.Rc1 Qe2 51.Kg2 Qxg4 52.hxg4 Nc2 53.g5 h5 54.g6 fxg6 55.Ng5 Nxd4 56.Ra1 Kf8
57.Ra7 Re2 58.Nh7+ Ke8 59.Rxg7 Rxe5 60.Nf6+ Kf8 61.Rd7 Rf5 62.Ne4 c5 63.f4 b4
64.Rc7 b3 65.Nd2 g5 66.fxg5 Rxg5 67.Kh3 Rd5 68.Rb7 Ke8 69.Nc4 Rd7 70.Rb8+ Ke7
71.g4 hxg4+ 72.Kxg4 Nc6  0-1

[Event "Chinese Teams 2013"]
[Site "Qingdao CHN"]
[Date "2013.10.12"]
[Round "13.2"]
[White "Lin Weiguo"]
[Black "Yu Yangyi"]
[Result "1-0"]
[WhiteElo "2447"]
[BlackElo "2662"]

1.d4 Nf6 2.Nf3 e6 3.c4 b6 4.a3 Bb7 5.Nc3 g6 6.Bg5 Bg7 7.e4 h6 8.Bxf6 Qxf6
9.e5 Qe7 10.Bd3 d6 11.Be4 Nc6 12.Qa4 Qd7 13.O-O Rb8 14.Rfe1 Na5 15.Qc2 Nxc4
16.Bxb7 Rxb7 17.b3 Na5 18.Ne4 Qc6 19.Qd3 Qd5 20.b4 dxe5 21.bxa5 exd4 22.Rac1 bxa5
23.Nc5 O-O 24.Nxb7 Qxb7 25.Qc4 Qb2 26.a4 Rb8 27.h4 Bf6 28.Qxc7 Rb7 29.Qf4 Kg7
30.Ne5 h5 31.Qe4 Re7 32.g3 Qa3 33.Qxd4 Rb7 34.Rcd1 Rb3 35.Kg2 Rb4 36.Qxa7 Bxe5
37.Rxe5 Qxa4 38.Rd3 Qc6+ 39.Rf3 Rb7 40.Qc5 Qd7 41.Qxa5 Rb1 42.Qc3 Kh7 43.Rxh5+ gxh5
44.Qc2+  1-0

[Event "Chinese Teams 2013"]
[Site "Qingdao CHN"]
[Date "2013.10.13"]
[Round "14.3"]
[White "Wang Xiaohui"]
[Black "Yuan,Ye"]
[Result "0-1"]
[WhiteElo "2181"]
[BlackElo "2033"]

1.d4 Nf6 2.c4 e6 3.Nf3 b6 4.a3 Bb7 5.Nc3 d5 6.Bg5 Be7 7.e3 h6 8.Bh4 O-O 9.Rc1 a5
10.cxd5 Nxd5 11.Bxe7 Qxe7 12.Bd3 Rc8 13.O-O Nxc3 14.Rxc3 Nd7 15.Bb1 Nf6 16.Qd3 Ba6
17.Qc2 Bxf1 18.Kxf1 c5 19.Ne5 Qd8 20.dxc5 Rxc5 21.Rxc5 bxc5 22.h3 Qd5 23.Nf3 Rd8
24.Ke2 e5 25.e4 Qd6 26.Nd2 Nh5 27.g3 Qd7 28.Nc4 Qxh3 29.Nxa5 Qg2 30.Qc3 Nf6
31.Nb3 Nxe4 32.Qe3 Nf6 33.Qxc5 e4 34.Nd2 e3 35.Kxe3 Ng4+ 36.Ke2 Nxf2  0-1

[Event "Indonesia Open 2013"]
[Site "Jakarta INA"]
[Date "2013.10.17"]
[Round "11.14"]
[White "Ardiansyah,H"]
[Black "Vazquez Igarza,R"]
[Result "1-0"]
[WhiteElo "2368"]
[BlackElo "2602"]

1.d4 Nf6 2.c4 e6 3.Nf3 b6 4.a3 Ba6 5.e3 c5 6.Nc3 g6 7.Be2 Bg7 8.O-O O-O 9.e4 d6
10.dxc5 dxc5 11.Qxd8 Rxd8 12.Bg5 h6 13.Bh4 g5 14.Bg3 Nc6 15.Rfd1 Nd4 16.Bf1 Nh5
17.Nxd4 Bxd4 18.Be2 Nxg3 19.hxg3 Rd7 20.Nb5 Rad8 21.Nxd4 Rxd4 22.b3 Rd2 23.Kf1 R8d4
24.Rxd2 Rxd2 25.Rd1 Rb2 26.Rd3 Kf8 27.a4 Ke7 28.f3 f6 29.g4 Bc8 30.Kf2 f5
31.e5 Bd7 32.Kf1 Be8 33.Bd1 h5 34.gxh5 Bxh5 35.g4 Be8 36.Ke1 Bg6 37.Rd2 Rb1
38.Ra2 Kd7 39.Rd2+ Kc7 40.Kf2 f4 41.Rd6 Bf7 42.Ke1 Ra1 43.Ke2 Ra2+ 44.Rd2 Ra1
45.Rd6 Bg8 46.Bc2 Rh1 47.Be4 Rh2+ 48.Kd3 Rb2 49.Kc3 Re2 50.a5 Re3+ 51.Kb2 Re2+
52.Kc1 bxa5 53.Rc6+ Kb8 54.Rxc5 Re1+ 55.Kd2 Re3 56.Rb5+ Kc8 57.Rxa5 Kb8 58.b4 Bf7
59.b5 Be8 60.b6  1-0

[Event "17th Corsican Circuit Final"]
[Site "Bastia FRA"]
[Date "2013.10.20"]
[Round "1.2"]
[White "Kozul,Z"]
[Black "Tkachiev,V"]
[Result "1-0"]
[WhiteElo "2597"]
[BlackElo "2637"]

1.d4 Nf6 2.Nf3 e6 3.c4 b6 4.a3 Ba6 5.Qb3 d5 6.cxd5 Qxd5 7.Qxd5 exd5 8.Nc3 Bd6
9.Bg5 Nbd7 10.e3 Bxf1 11.Kxf1 a6 12.Ke2 O-O 13.Rac1 Rfe8 14.Rhd1 Re6 15.Bxf6 Nxf6
16.h3 Kf8 17.Na4 Ke8 18.Rc2 Kd7 19.Rdc1 Ne4 20.Nc3 Nf6 21.Na4 Ne4 22.Nc3 Nf6
23.Ne1 Rae8 24.Kf1 g5 25.Nd3 Ra8 26.Na4 Ra7 27.Nc3 Ra8 28.Nb1 Ne4 29.Nd2 Nxd2+
30.Rxd2 a5 31.Rdc2 Ra7 32.g4 a4 33.Kg2 f6 34.Rh1 Re4 35.Kf3 h5 36.Nc1 Ra8
37.Ne2 Rh8 38.Rcc1 f5 39.Nc3 fxg4+ 40.hxg4 Rf8+ 41.Ke2 Rxg4 42.Rxh5 Rg2 43.Nd1 Rg1
44.Rc2 Rf7 45.Nc3 g4 46.Nxd5 g3 47.fxg3 Rxg3 48.Kd3 Ke6 49.Nc3 Rff3 50.Re2 Bf4
51.Nd5 Bd6 52.Ke4 Rf7 53.Nc3 Kd7 54.Kd3 Rff3 55.Ne4 Rg7 56.Rh6 Be7 57.Reh2 Rf1
58.Rh7 Rd1+ 59.Kc2 Rxh7 60.Rxh7 Re1 61.Kd2 Rb1 62.Nc3 Rxb2+ 63.Kc1 Rb3 64.Nd5 Kd6
65.Nxe7 Rxa3 66.Nf5+ Kc6 67.Ne7+ Kb5 68.Kd2 Kc4 69.Ke2 Ra2+ 70.Kf3 b5 71.Nc6 b4
72.Rxc7 b3 73.Ne5+ Kb5 74.Rc5+ Kb4 75.Nd3+ Ka3 76.d5 Rd2 77.Ke4 b2 78.Rb5 Ka2
79.d6 b1=Q 80.Rxb1 Kxb1 81.d7 a3 82.d8=Q a2 83.Qb6+  1-0

[Event "Oscaro Open 2013"]
[Site "Bastia FRA"]
[Date "2013.10.20"]
[Round "7.3"]
[White "Greenfeld,A"]
[Black "Postny,E"]
[Result "1/2-1/2"]
[WhiteElo "2545"]
[BlackElo "2631"]

1.c4 Nf6 2.d4 e6 3.Nf3 b6 4.a3 Ba6 5.Qc2 Bb7 6.Nc3 c5 7.e4 cxd4 8.Nxd4 Bc5
9.Nf3 Nc6 10.b4 Nd4 11.Qd2 Nxf3+ 12.gxf3 Be7 13.Bb2 O-O 14.Rg1 d6 15.O-O-O Rc8
16.Nb5 Ba6 17.Nxd6 Bxd6 18.Rxg7+ Kh8 19.Qh6 e5 20.Rxd6 Qxd6 21.Rxh7+ Nxh7
22.Qxd6 f6 23.f4 Bxc4 24.Bxc4 Rxc4+ 25.Kb1 Rxe4 26.fxe5 Re1+ 27.Ka2 Re2 28.f4 fxe5
29.Ka1 Re1+ 30.Ka2 Re2 31.Kb3 Rxb2+ 32.Kxb2 exf4 33.Qd4+ Rf6 34.Qd8+ Rf8
35.Qd4+ Rf6 36.Qd8+ Rf8 37.Qd4+ Rf6  1/2-1/2

[Event "TCh-CZE Vychod 2013-14"]
[Site "Czech Rep CZE"]
[Date "2013.10.20"]
[Round "1.3"]
[White "Zpevak,P"]
[Black "Vesselovsky,S"]
[Result "0-1"]
[WhiteElo "2381"]
[BlackElo "2349"]

1.d4 Nf6 2.Nf3 e6 3.c4 b6 4.a3 Ba6 5.Qc2 Bb7 6.Nc3 c5 7.dxc5 Bxc5 8.e3 a6
9.Be2 Qc7 10.b3 Be7 11.Bb2 d6 12.O-O Nbd7 13.Rac1 Rc8 14.Qb1 O-O 15.Nd4 Rfd8
16.Rfd1 Qb8 17.Bf3 Bxf3 18.Nxf3  0-1

[Event "29th ECC Open 2013"]
[Site "Rhodes GRE"]
[Date "2013.10.20"]
[Round "1.5"]
[White "Bartel,Mat"]
[Black "Hokkanen,P"]
[Result "0-1"]
[WhiteElo "2638"]
[BlackElo "2301"]

1.d4 Nf6 2.c4 e6 3.Nf3 b6 4.a3 d5 5.Qa4+ c6 6.Bf4 Bd6 7.Bxd6 Qxd6 8.Nbd2 O-O
9.Rc1 c5 10.e3 Nbd7 11.cxd5 exd5 12.Bd3 c4 13.Bb1 b5 14.Qc2 Re8 15.O-O Rb8
16.Rfe1 Bb7 17.Qf5 g6 18.Qg5 Ne4 19.Nxe4 dxe4 20.Nd2 Bd5 21.f3 Nf6 22.Rf1 Kg7
23.fxe4 Nxe4 24.Bxe4 Bxe4 25.Rf4 f6 26.Qg3 Bd3 27.h4 Qd5 28.Rf3 Rb7 29.Qf4 Re6
30.Kf2 a5 31.g4 Rc6 32.g5 Rf7 33.h5 gxh5 34.Rg1 Bg6 35.Ke2 b4 36.axb4 axb4
37.gxf6+ Rcxf6 38.Qe5 Qxe5 39.dxe5 Rxf3 40.Nxf3 Kf8 41.Nd4 Bd3+ 42.Ke1 h4
43.Ne6+ Ke7 44.Nf4 Be4 45.Kd2 Rxf4 46.exf4 h3 47.f5 h2 48.Rg7+ Kf8 49.Rxh7 h1=Q
50.Rxh1 Bxh1 51.f6 Kf7 52.Ke3 c3 53.bxc3 b3 54.Kd2 Bd5 55.e6+  0-1

[Event "17th Corsican Circuit Final"]
[Site "Bastia FRA"]
[Date "2013.10.21"]
[Round "2.2"]
[White "Kozul,Z"]
[Black "Almasi,Z"]
[Result "0-1"]
[WhiteElo "2597"]
[BlackElo "2707"]

1.d4 Nf6 2.c4 e6 3.Nf3 b6 4.a3 Bb7 5.Nc3 d5 6.Qa4+ Nbd7 7.Bg5 Be7 8.Bxf6 Bxf6
9.cxd5 exd5 10.g3 O-O 11.Bh3 Nb8 12.O-O Re8 13.Rfd1 Na6 14.Bd7 Re7 15.Bc6 Bxc6
16.Qxc6 Rd7 17.Nb5 Qe8 18.e3 Rad8 19.Nxa7 Nb8 20.Qc2 c6 21.Qa4 Rc7 22.Qb3 Rxa7
23.Qxb6 Qe7 24.Qb3 Rb7 25.Qc2 c5 26.b3 Qe4 27.Qe2 Rxb3 28.Nd2 Qd3 29.Qe1 Rb7
30.a4 cxd4 31.Nf3 Qa6 32.exd4 Nc6 33.Kg2 Na5 34.Rdb1 Rxb1 35.Rxb1 Nc4 36.Qd1 g6
37.h4 h5 38.Rb4 Ra8 39.Qb1 Kg7 40.Qb3 Ra7 41.Qb1 Be7 42.Rb5 Qxa4 43.Rxd5 Qa2
44.Qd3 Ne3+  0-1

[Event "Pankrac Cup 2013"]
[Site "Prague CZE"]
[Date "2013.10.22"]
[Round "7"]
[White "Studnicka,Toma"]
[Black "Liuba,Volodymyr"]
[Result "1-0"]
[WhiteElo "2358"]
[BlackElo "2196"]

1.d4 Nf6 2.c4 e6 3.Nf3 b6 4.a3 Ba6 5.Qc2 Bb7 6.Nc3 c5 7.dxc5 bxc5 8.Bg5 Be7
9.e3 O-O 10.Be2 d6 11.O-O Nh5 12.Bxe7 Qxe7 13.Rad1 Nc6 14.Rd2 Rad8 15.Rfd1 Nf6
16.Ng5 Ne5 17.f4 Ng6 18.Bf3 Bxf3 19.Nxf3 d5 20.Qd3 Rd7 21.f5 exf5 22.Nxd5 Nxd5
23.cxd5 Re8 24.Re1 Qf6 25.Qb5 Qd6 26.Rc1 Rxe3 27.Qxc5 Re8 28.Qxd6 Rxd6 29.Rc7 Re7
30.Rdc2 a6 31.Rc8+ Nf8 32.Ra8 Rxd5 33.Rcc8 g6 34.Rxf8+ Kg7 35.Rfd8 Rc5 36.Rd2 a5
37.Kf2 h6 38.Rad8 Rb5 39.R8d5 Reb7 40.Rxb5 Rxb5 41.Nd4 Rb7 42.b3  1-0

[Event "8th Herbstopen"]
[Site "Deizisau GER"]
[Date "2013.10.28"]
[Round "4.6"]
[White "Gschnitzer,O"]
[Black "Bathray,Johannes"]
[Result "1-0"]
[WhiteElo "2440"]
[BlackElo "2172"]

1.d4 Nf6 2.Nf3 e6 3.c4 b6 4.a3 Bb7 5.Nc3 Be7 6.d5 exd5 7.cxd5 O-O 8.e4 Re8
9.Bd3 c6 10.O-O Na6 11.Re1 Nc7 12.d6 Bxd6 13.e5 Bxe5 14.Rxe5 Rxe5 15.Nxe5 Ne6
16.Bd2 d5 17.Qa4 d4 18.Ne4 Nxe4 19.Bxe4 Nc5 20.Qc2 Nxe4 21.Qxe4 Qd6 22.Re1 Rd8
23.Nf3 h6 24.Qe7 Qd7 25.Qxd7 Rxd7 26.Re8+ Kh7 27.Ne5 Rd5 28.Re7 c5 29.f4  1-0

[Event "Pankrac Cup 2013"]
[Site "Prague CZE"]
[Date "2013.10.29"]
[Round "8"]
[White "Gregor,Ji"]
[Black "Kovar,V"]
[Result "1-0"]
[WhiteElo "2239"]
[BlackElo "2312"]

1.d4 Nf6 2.Nf3 e6 3.c4 b6 4.a3 Bb7 5.Nc3 d5 6.Bg5 h6 7.Bh4 Be7 8.e3 O-O 9.Rc1 Nbd7
10.cxd5 exd5 11.Bd3 Ne4 12.Bxe7 Qxe7 13.O-O c5 14.Bb5 Ndf6 15.Ne5 a6 16.Nxe4 dxe4
17.Bc4 Rad8 18.Ng6 Qc7 19.Nxf8 Kxf8 20.a4 Qe7 21.Qb3 cxd4 22.exd4 Rd6 23.Rfe1 Nh5
24.d5 Nf4 25.Rcd1 Qg5 26.Qg3 Qf5 27.Qa3 Qg6 28.g3 Kg8 29.Kf1 Nh3 30.f4 Bc8
31.Qe3 Bf5 32.Bxa6 h5 33.Bc4 h4 34.Rd2 Qh6 35.Rg2 hxg3 36.hxg3 g5 37.fxg5 Nxg5
38.g4 Bd7 39.Ke2 Bxa4 40.Qf4 Qg6 41.Rh1 Nf3 42.Ke3 f5 43.Kf2 Qf6 44.gxf5+ Kf8
45.Rh8+ Qxh8 46.Qxd6+ Kf7 47.Qe6+ Kf8 48.Qd6+ Kf7 49.Qg6+ Kf8 50.f6 Qh4+
51.Qg3 Qxg3+ 52.Rxg3 Ne5 53.b3 Kf7 54.Ke3 b5 55.Kxe4 Nxc4 56.bxc4 bxc4 57.Ke5 Bd7
58.Rg7+ Ke8 59.Kd6 Bh3 60.Rc7 Bf1  1-0